| Registos Bibliográficos associados ao registo de autoridade |
|
Etiqueta de registo: 00000nam 2200025 450 001 2288358 003 http://id.bnportugal.gov.pt/bib/catbnp/2288358 100 ## $a20260619d2024 k y0pory01030103ba 101 0# $aeng$dpor 102 ## $aPT 105 ## $aa m 000yy 106 ## $ar 200 1# $aSkins of glass$etrauma, memory, and mourning$fMonica Neiman Sotomayor$gorient. José Manuel E. Santos Silva Garcia Revez 210 #9 $aLisboa$c[s.n.],$d2024 215 ## $a[9] f., 323 p.$cil.$d30 cm 328 #1 $aTese dout. Belas-Artes (Escultura), Faculdade de Belas-Artes, Universidade de Lisboa,
2024 700 #1 $aSotomayor,$bMonica Neiman$32001103 702 #1 $aRevez,$bJosé Manuel e Santos Silva Garcia$4727$31665751 801 #0 $aPT$bBN$gRPC 966 ## $lBN$mFGMON$x1 971 ## $corlando$d20260619
|
|
|